Köln - Straßenbahnhaltestellen der KVB - Statistiken

Allgemein
  • Dieses Quiz wurde 19 mal gespielt
  • Das Durchschnittsergebnis liegt bei 67 aus 210
Antwortstatistiken
Linien Haltestelle % Korrekt
5, 16, 18 Dom/Hbf
93%
12, 15, 16, 18 Ebertplatz
93%
1, 3, 4, 7, 9, 16, 18 Neumarkt
93%
9 Rath/Heumar
93%
1, 3, 4, 9 Bf Deutz/Messe
87%
3, 4, 16, 18 Appellhofplatz
80%
1 Bensberg
80%
15, 16, 17 Chlodwigplatz
80%
1, 5, 7, 9 Heumarkt
80%
4, 13, 18 Mülheim Wiener Platz
80%
3, 4, 16, 18 Poststr.
80%
1, 7, 13 Aachener Str./Gürtel
73%
12, 15, 16, 18 Barbarossaplatz
73%
16, 18 Breslauer Platz/Hbf
73%
1, 7, 12, 15 Rudolfplatz
73%
1 Weiden West
73%
18 Zoo/Flora
73%
12, 15, 16 Eifelstr.
67%
3, 4, 17 Severinstr.
67%
3, 13 Thielenbruch
67%
9 Universität
67%
1, 7, 9 Deutzer Freiheit
60%
3, 4, 5, 12, 15 Friesenplatz
60%
12, 15 Hansaring
60%
5 Rathaus
60%
1 RheinEnergieSTADION
60%
15, 16 Ubierring
60%
15, 16 Ulrepforte
60%
7 Zündorf
60%
1 Alter Militärring
53%
3, 4 Bocklemünd
53%
1, 9 Kalk Post
53%
18 Klettenbergpark
53%
1, 7 Melaten
53%
1, 7 Moltkestr.
53%
3, 4 Suevenstr.
53%
13, 18 Sülzgürtel
53%
3, 4, 13 Venloer Str./Gürtel
53%
9, 12, 15 Zülpicher Platz
53%
15 Chorweiler
47%
1 Clarenbachstift
47%
9 Dasselstr./Bf Süd
47%
3, 13 Dellbrück Hauptstr.
47%
9 Königsforst
47%
3, 4 Leyendeckerstr.
47%
1 Merheim
47%
7 Porz Markt
47%
16, 18 Reichenspergerplatz
47%
4 Schlebusch
47%
13, 18 Slabystr.
47%
3, 4 Stegerwaldsiedlung
47%
16, 17 Sürth Bf
47%
12 Zollstock Südfriedhof
47%
9, 13 Zülpicher Str./Gürtel
47%
13, 16 Amsterdamer Str./Gürtel
40%
13, 18 Bf Mülheim
40%
17 Bonner Wall
40%
1 Brück Mauspfad
40%
3, 13, 18 Buchheim Herler Str.
40%
12, 15 Christophstr./Mediapark
40%
18 Eifelwall/Stadtarchiv
40%
13 Geldernstr./Parkgürtel
40%
4 Grünstr.
40%
1 Junkersdorf
40%
1, 9 Kalk Kapelle
40%
4 Keupstr.
40%
3, 13 Maria-Himmelfahrt-Str.
40%
12 Merkenich
40%
16 Niehl Sebastianstr.
40%
9 Ostheim
40%
3, 4 Piusstr.
40%
1 Refrath
40%
16, 17 Rodenkirchen Bf
40%
1 Sportpark Höhenberg
40%
16 Wesseling
40%
16, 17 Bayenthalgürtel
33%
18 Boltensternstr.
33%
3 Buchforst Waldecker Str.
33%
3, 13 Dellbrück Mauspfad
33%
1, 9 Deutz Technische Hochschule
33%
7, 13 Dürener Str./Gürtel
33%
1 Eupener Str.
33%
7 Frechen-Benzelrath
33%
3 Görlinger-Zentrum
33%
3, 4, 5 Hans-Böckler-Platz/Bf West
33%
3, 13 Holweide Vischeringstr.
33%
5 IKEA Am Butzweilerhof
33%
3, 4 Koelnmesse
33%
9 Mauritiuskirche
33%
1, 7 Universitätsstr.
33%
1 Weiden Zentrum
33%
18 Weißhausstr.
33%
13 Berrenrather Str./Gürtel
27%
18 Efferen
27%
12 Eifelplatz
27%
13 Euskirchener Str.
27%
12, 15 Florastr.
27%
12 Fordwerke Mitte
27%
12 Fordwerke Nord
27%
12 Fordwerke Süd
27%
12 Gottesweg
27%
5 Gutenbergstr.
27%
16 Kinderkrankenhaus
27%
1 Kölner Str.
27%
3, 4 Körnerstr.
27%
12, 15 Lohsestr.
27%
15 Longerich Friedhof
27%
1 Maarweg
27%
12, 13, 15 Neusser Str./Gürtel
27%
12 Pohligstr.
27%
7 Poll Salmstr.
27%
3, 4 Rochusplatz
27%
12, 15 Scheibenstr.
27%
16, 17 Schönhauser Str.
27%
5 Sparkasse Am Butzweilerhof
27%
18 Sülzburgstr.
27%
9 Uniklinik Köln
27%
9 Vingst
27%
4 Von-Sparr-Str.
27%
3, 13 Wichheimer Str.
27%
5 Alter Flughafen Butzweilerhof
20%
4 Am Emberg
20%
18 Arnulfstr.
20%
9 Autobahn
20%
18 Brühl Mitte
20%
18 Brühl Nord
20%
3 Buchheim Frankfurter Str.
20%
7 Drehbrücke
20%
7 Ensen Kloster
20%
13 Escher Str.
20%
7 Frechen Bf
20%
1 Fuldaer Str.
20%
15 Heimersdorf
20%
16, 17 Heinrich-Lübke-Ufer
20%
5 Iltisstr.
20%
4 Im Weidenbruch
20%
5 Liebigstr.
20%
1 Lustheide
20%
13 Melatengürtel
20%
12 Merkenich Mitte
20%
4 Mülheim Berliner Str.
20%
3, 13 Neufelder Str. (Krankenhaus Holweide)
20%
12 Niehl Nord
20%
5, 13 Nußbaumerstr.
20%
4 Odenthaler Str.
20%
7 Poll Baumschulenweg
20%
5, 13 Subbelrather Str./Gürtel
20%
9 Sülz Hermeskeiler Platz
20%
1 Weiden Römergrab
20%
13 Weinsbergstr./Gürtel
20%
16 Wesseling Nord
20%
16 Wesseling Süd
20%
9 Weyertal
20%
12, 15 Wilhelm-Sollmann-Str.
20%
7, 13 Wüllnerstr.
20%
12 Zollstockgürtel
20%
15 Altonaer Platz
13%
1 Frankenforst
13%
7 Frechen Rathaus
13%
7 Haus Vorst
13%
12 Herthastr.
13%
18 Hürth-Hermülheim
13%
1 Kalker Friedhof
13%
17 Kartäuserhof
13%
18 Kiebitzweg
13%
1 Kippekausen
13%
5 Lenauplatz
13%
4 Leuchterstr.
13%
15 Longericher Str.
13%
7 Marsdorf
13%
16, 17 Michaelshoven
13%
12, 15 Mollwitzstr.
13%
16 Nesselrodestr.
13%
7 Poller Kirchweg
13%
9 Porzer Str.
13%
7 Porz Steinstr.
13%
7 Rosenhügel
13%
7 Severinsbrücke
13%
16, 17 Siegstr.
13%
3, 4 Westfriedhof
13%
7 Westhoven Berliner Str.
13%
7 Westhoven Kölner Str.
13%
3, 4 Wolffsohnstr.
13%
3, 4 Akazienweg
7%
1 Bahnstr.
7%
7 Brahmsstr.
7%
18 Brühl-Vochem
7%
7 Ensen Gilgaustr.
7%
18 Fischenich
7%
7 Frechen Kirche
7%
12 Geestemünder Str.
7%
13 Gleueler Str./Gürtel
7%
16 Godorf Bf
7%
5 Margaretastr.
7%
15 Meerfeldstr.
7%
1 Mohnweg
7%
9 Mommsenstr.
7%
3 Ollenhauerring
7%
7 Raiffeisenstr.
7%
9 Röttgensweg
7%
3 Schaffrathsgasse
7%
7 Stüttgenhof
7%
1 Flehbachstr.
0%
15 Herforder Str.
0%
1 Im Hoppenkamp
0%
7 Mühlengasse
0%
1 Neuenweg
0%
5 Rektor-Klein-Str.
0%
9 Steinweg
0%
16 Urfeld
0%
Keine übereinstimmenden Quizze gefunden
Verteilung der Resultate
Anzahl Personen mit jedem Resultat
Perzentil nach korrekt beantworteten Fragen
Ihre Resultats-Entwicklung
Sie haben dieses Quiz noch nicht gespielt